| 000 | 00664cam a22002412a 4500 | ||
|---|---|---|---|
| 999 |
_c28461 _d28461 |
||
| 001 | 022764 | ||
| 003 | AR-FADEU | ||
| 005 | 20220406190516.0 | ||
| 008 | 311216n2003####xxu####################dd | ||
| 020 | _a950-786-361-3 | ||
| 040 | _cBiblioteca Ernesto Sábato | ||
| 092 |
_a401.432 _bM298p _eBDGR |
||
| 100 | _aMarafioti, Roberto | ||
| 245 | _aLos patrones de la argumentación : la argumentación en los clásicos y en el siglo XX | ||
| 260 | _aBuenos Aires | ||
| 260 | _bBiblos | ||
| 260 | _c2003 | ||
| 300 | _a218 p | ||
| 440 | _aSemiología | ||
| 500 | _aIncluye bibliografía | ||
| 650 | _aARGUMENTACION; SEMIOTICA/NS/ | ||
| 942 |
_cBDGR _2ddc |
||